MARC

LEADER 00000nam0a2200000 4500
001 60560
005 20231101211904.0
035 |a (RuTPU)RU\TPU\book\64045 
090 |a 60560 
100 |a 20040211d1961 k y0rusy50 ca 
101 0 |a rus 
102 |a RU 
105 |a a z 001zy 
200 1 |a Окиси олефинов и их производные  |f М. С. Малиновский 
210 |a Москва  |c Госхимиздат  |d 1961 
215 |a 553 с.  |c ил. 
320 |a Библиогр.: с. 516-553. 
606 1 |a Олефины, оксиды  |x Химия  |2 stltpush  |3 (RuTPU)RU\TPU\subj\76038  |9 87499 
610 1 |a окиси 
610 1 |a строение 
610 1 |a классификации 
610 1 |a получение 
610 1 |a реакции 
610 1 |a способы 
675 |a 547.313  |v 3 
700 1 |a Малиновский  |b М. С.  |g Михаил Сергеевич 
801 1 |a RU  |b 63413507  |c 20040211  |g PSBO 
801 2 |a RU  |b 63413507  |c 20210528  |g PSBO 
942 |c BK